000 00360nam a2200145Ia 4500
008 230917s9999||||xx |||||||||||||| ||und||
040 _e89105
_aMAIN
041 _aEnglish
082 _a658.3 R18H
100 _aRao, V S P
245 0 _aHuman resource management: Text and cases
260 _aNew Delhi
_bExcel Book
_c2000
300 _a637 p.
942 _cBK
999 _c110728
_d110728